[Event "22. Copenhagen Open  (Politiken Cup)"]
[Site "Copenhagen"]
[Date "2000.07.23"]
[Round "7"]
[White "Mortensen, Erling"]
[Black "Rasmussen, Allan Stig"]
[Result "0-1"]
[WhiteElo "2438"]
[BlackElo "2199"]
[PlyCount "90"]
[EventDate "2000.07.17"]
[EventType "swiss"]
[EventRounds "11"]
[EventCountry "DEN"]
[SourceDate "2004.01.01"]

1. e4 c6 2. d4 d5 3. e5 Bf5 4. c3 e6 5. Be3 Nd7 6. f4 h5 7. Nd2 Rc8 8. Ngf3 Nh6
9. Be2 Be7 10. b4 b6 11. Qa4 Rc7 12. h3 h4 13. O-O Bg6 14. b5 c5 15. Rfc1 Nf5
16. Bf2 O-O 17. Qd1 Qb8 18. Qe1 Rfc8 19. Rd1 cxd4 20. cxd4 Ba3 21. Rab1 Rc2 22.
Nxh4 Nxh4 23. Bxh4 Rxa2 24. Ra1 Rxa1 25. Rxa1 Bb2 {[#]} 26. Ra2 Rc1 27. Rxb2
Rxe1+ 28. Bxe1 Qc7 29. Nf3 Qc1 30. Ra2 Qxf4 31. Bd2 Qe4 32. Kf2 f6 33. Rxa7 Be8
34. Ra8 Kf7 35. Bb4 Nxe5 36. Ra7+ Kg8 37. dxe5 Qxb4 38. Ra8 Kf7 39. Ra7+ Kf8
40. exf6 gxf6 41. h4 e5 42. Ra8 Ke7 43. Ra7+ Kd6 44. Rb7 Qc5+ 45. Kg3 e4 0-1

[Event "22. Copenhagen Open  (Politiken Cup)"]
[Site "Copenhagen"]
[Date "2000.07.23"]
[Round "7"]
[White "Mortensen, Henrik"]
[Black "Rosenberg, Jan"]
[Result "1-0"]
[WhiteElo "2089"]
[BlackElo "1625"]
[PlyCount "67"]
[EventDate "2000.07.17"]
[EventType "swiss"]
[EventRounds "11"]
[EventCountry "DEN"]
[SourceDate "2004.01.01"]

1. Nf3 Nf6 2. c4 c5 3. Nc3 d5 4. cxd5 Nxd5 5. g3 Nc6 6. Bg2 Nc7 7. O-O e5 8. d3
Be7 9. Be3 Ne6 10. Qd2 f5 11. Rfc1 O-O 12. Na4 f4 13. Bxc5 fxg3 14. hxg3 Nxc5
15. Nxc5 Qb6 16. Ne4 Bg4 17. Rc4 Bxf3 18. Bxf3 Nd4 19. Bg2 Nf5 20. e3 Rad8 21.
a3 h5 22. Rac1 h4 23. g4 h3 24. Bxh3 Nh4 25. Bg2 Qe6 26. Qe2 Nxg2 27. Kxg2 Bh4
28. Rh1 Qe7 29. b4 b6 30. Qc2 g5 $11 31. Rc7 Qe6 32. Qc4 Rd5 33. f3 Kh8 34.
Nxg5 1-0

[Event "22. Copenhagen Open  (Politiken Cup)"]
[Site "Copenhagen"]
[Date "2000.07.23"]
[Round "7"]
[White "Maechel, Michael"]
[Black "Nielsen, Simon Saito"]
[Result "0-1"]
[WhiteElo "1611"]
[BlackElo "2138"]
[PlyCount "54"]
[EventDate "2000.07.17"]
[EventType "swiss"]
[EventRounds "11"]
[EventCountry "DEN"]
[SourceDate "2004.01.01"]

1. e4 c5 2. Nf3 d6 3. d4 cxd4 4. Nxd4 Nf6 5. Nc3 g6 6. f4 Nc6 7. Nxc6 bxc6 8.
e5 Nd7 9. exd6 exd6 10. b3 Nf6 11. Bb2 Bg7 12. Qe2+ Be6 13. O-O-O O-O 14. Kb1
Bg4 15. Qd2 Bxd1 16. Qxd1 Re8 17. g4 d5 18. f5 Ne4 19. Nxe4 dxe4 20. Qe2 Bxb2
21. Kxb2 Qf6+ 22. Kb1 Rad8 23. Bg2 e3 24. fxg6 Qxg6 25. Qc4 e2 26. Qc3 Qg7 27.
Qa5 Rd1+ 0-1

[Event "22. Copenhagen Open  (Politiken Cup)"]
[Site "Copenhagen"]
[Date "2000.07.23"]
[Round "7"]
[White "Nielsen, Dagh"]
[Black "Petersen, Steffen"]
[Result "0-1"]
[WhiteElo "1576"]
[BlackElo "2121"]
[PlyCount "36"]
[EventDate "2000.07.17"]
[EventType "swiss"]
[EventRounds "11"]
[EventCountry "DEN"]
[SourceDate "2004.01.01"]

1. e4 e5 2. Nf3 Nc6 3. Bb5 a6 4. Ba4 Nf6 5. O-O b5 6. Bb3 Be7 7. d4 d6 8. Nc3
Nxd4 9. Nxd4 exd4 10. Nd5 c5 11. c3 c4 12. Bc2 d3 13. Bb1 Bb7 14. Qf3 O-O 15.
b3 Nxd5 16. exd5 Bf6 17. Bd2 Qa5 18. bxc4 bxc4 0-1

[Event "22. Copenhagen Open  (Politiken Cup)"]
[Site "Copenhagen"]
[Date "2000.07.23"]
[Round "7"]
[White "Nielsen, Jan Mose"]
[Black "Lonborg, Morten"]
[Result "1/2-1/2"]
[WhiteElo "2030"]
[BlackElo "2166"]
[Annotator "Carsten Petersen"]
[PlyCount "75"]
[EventDate "2000.07.17"]
[EventType "swiss"]
[EventRounds "11"]
[EventCountry "DEN"]
[SourceDate "2004.01.01"]

1. d4 Nf6 2. Bg5 Ne4 3. h4 d5 4. c3 Nxg5 5. hxg5 Bf5 6. Nd2 e6 7. f4 c5 8. e3
Qc7 9. Ngf3 cxd4 10. Bb5+ Nc6 11. Nxd4 O-O-O 12. Rc1 $11 Kb8 13. Bxc6 bxc6 14.
Qa4 Rc8 15. c4 Qb7 16. Rc3 dxc4 17. Qxc4 Ka8 18. Rb3 Qd7 19. O-O Bd6 20. e4 Bg4
21. e5 $11 Bc7 22. Qa4 Bb8 23. Rc1 Rhd8 24. Nxc6 Rc7 25. Ne4 Bd1 26. Nd6 Bxb3
27. axb3 Rh8 28. Qe4 Rb7 29. Na5 Bxd6 30. exd6 Rc8 31. Rc4 Kb8 32. Nxb7 Qxb7
33. Qe5 (33. Rb4 $18) 33... Qd7 34. Kf2 f6 35. gxf6 gxf6 36. Qxf6 Qxd6 37. Qg5
Qd2+ 38. Kg3 1/2-1/2

[Event "22. Copenhagen Open  (Politiken Cup)"]
[Site "Copenhagen"]
[Date "2000.07.23"]
[Round "7"]
[White "Nielsen, Jens Holm"]
[Black "Laustsen, Lars"]
[Result "0-1"]
[WhiteElo "2060"]
[BlackElo "1974"]
[PlyCount "110"]
[EventDate "2000.07.17"]
[EventType "swiss"]
[EventRounds "11"]
[EventCountry "DEN"]
[SourceDate "2004.01.01"]

1. Nc3 c5 2. Nf3 g6 3. d4 cxd4 4. Qxd4 Nf6 5. Bg5 Bg7 6. O-O-O Nc6 7. Qa4 O-O
8. Qh4 d6 9. Bh6 Bxh6+ 10. Qxh6 Ng4 11. Qh4 Kg7 12. e3 h6 13. h3 Nf6 14. e4 Qa5
15. Bc4 Be6 16. Bxe6 fxe6 17. Rhe1 Rac8 18. Re3 b5 19. e5 dxe5 20. Nxe5 b4 21.
Nxc6 Rxc6 22. Nb1 Rfc8 23. Re2 Rc4 24. Qg3 Qxa2 25. Rdd2 Qa5 26. Qe3 R8c6 27.
g4 b3 28. Qxb3 Ne4 29. Rd1 Qc5 30. Na3 Nc3 31. Red2 Nxd1 32. Qxc4 Qxc4 33. Nxc4
Nxf2 34. Na5 Ra6 35. Rxf2 Rxa5 36. c4 Rc5 37. b3 h5 38. Kc2 Kh6 39. Kc3 hxg4
40. hxg4 Kg5 41. b4 Rc7 42. Rg2 e5 43. b5 Kf4 44. Rg1 Kf3 45. g5 e4 46. Rh1 e3
47. Rh3+ Kf2 48. Rh2+ Kg3 49. Rc2 Kf3 50. Rh2 e2 51. Rh1 Kg2 52. Re1 Kf2 53.
Rh1 e1=Q+ 54. Rxe1 Kxe1 55. Kd4 e5+ 0-1

[Event "22. Copenhagen Open  (Politiken Cup)"]
[Site "Copenhagen"]
[Date "2000.07.23"]
[Round "7"]
[White "Nielsen, Michael B"]
[Black "Kristensen, Jonas Rune"]
[Result "0-1"]
[WhiteElo "1421"]
[BlackElo "1696"]
[PlyCount "72"]
[EventDate "2000.07.17"]
[EventType "swiss"]
[EventRounds "11"]
[EventCountry "DEN"]
[SourceDate "2004.01.01"]

1. d4 Nf6 2. c4 g6 3. Nc3 Bg7 4. e4 d6 5. h3 O-O 6. Be3 e5 7. d5 a5 8. g4 Na6
9. Nge2 h5 10. g5 Nh7 11. Qd2 Nc5 12. Rg1 Bd7 13. h4 Bg4 14. Ng3 Qe7 15. Be2
Bxe2 16. Qxe2 b6 17. O-O-O Rfd8 18. Kb1 Nf8 19. Qd2 Kh7 20. Rdf1 Nfd7 21. f4
exf4 22. Rxf4 Ne5 23. Bxc5 bxc5 24. Qe2 Kg8 25. Rgf1 a4 26. a3 Rab8 27. Nb5 Rf8
28. Rg1 Qd7 29. Rgf1 Nxc4 30. Qxc4 Rxb5 31. R4f2 Rfb8 32. Rxf7 Rxb2+ 33. Kc1
Qh3 34. Rxg7+ Kxg7 35. Qc3+ Kg8 36. Qf6 Rb1+ 0-1

[Event "22. Copenhagen Open  (Politiken Cup)"]
[Site "Copenhagen"]
[Date "2000.07.23"]
[Round "7"]
[White "Nielsen, Morten"]
[Black "Tolstrup, Thomas"]
[Result "0-1"]
[WhiteElo "2094"]
[BlackElo "1856"]
[PlyCount "100"]
[EventDate "2000.07.17"]
[EventType "swiss"]
[EventRounds "11"]
[EventCountry "DEN"]
[SourceDate "2004.01.01"]

1. e4 e6 2. d4 d5 3. Nd2 c5 4. exd5 exd5 5. Bb5+ Nc6 6. Qe2+ Be7 7. dxc5 Nf6 8.
Nb3 O-O 9. Be3 Ng4 10. O-O-O Nxe3 11. Qxe3 Bg4 12. Nf3 Re8 13. Qd3 a6 14. Ba4
Bxf3 15. Qxf3 Bg5+ 16. Kb1 Re5 17. c4 d4 18. Bxc6 bxc6 19. Rxd4 Qe8 20. Rhd1 a5
21. Nd2 Re1 22. Ne4 Rxd1+ 23. Rxd1 Bh6 24. g4 Qe5 25. h4 Bf4 26. Nd6 Rb8 27. b3
a4 28. Kc2 axb3+ 29. axb3 Ra8 30. Qe4 Qf6 31. g5 Bxg5 32. Qf5 Bxh4 33. Qxf6
Bxf6 34. Ne4 Be5 35. Rd7 h5 36. Nd6 f6 37. Nf7 Ra2+ 38. Kd3 Rxf2 39. Nxe5 fxe5
40. b4 Rf7 41. Rxf7 Kxf7 42. b5 Ke6 43. Ke4 h4 44. b6 Kd7 45. Kf3 g5 46. Kg4 e4
47. Kh3 e3 48. Kg2 e2 49. Kf2 h3 50. b7 Kc7 0-1

[Event "22. Copenhagen Open  (Politiken Cup)"]
[Site "Copenhagen"]
[Date "2000.07.23"]
[Round "7"]
[White "Nielsen, Thomas"]
[Black "Keeling, Geoff"]
[Result "1/2-1/2"]
[WhiteElo "1809"]
[BlackElo "2073"]
[PlyCount "43"]
[EventDate "2000.07.17"]
[EventType "swiss"]
[EventRounds "11"]
[EventCountry "DEN"]
[SourceDate "2004.01.01"]

1. d4 d5 2. c4 Nc6 3. Nc3 Nf6 4. Nf3 dxc4 5. d5 Na5 6. Bg5 c6 7. e4 cxd5 8.
exd5 e6 9. Bxc4 Nxc4 10. Qa4+ Qd7 11. Qxc4 exd5 12. Qb5 Be7 13. O-O O-O 14.
Rfe1 Qxb5 15. Nxb5 Bd8 16. Rac1 Bd7 17. Nd6 Bc6 18. Nd4 Ne4 19. Bxd8 Rfxd8 20.
Nxe4 dxe4 21. Nxc6 bxc6 22. Rxe4 1/2-1/2

[Event "22. Copenhagen Open  (Politiken Cup)"]
[Site "Copenhagen"]
[Date "2000.07.23"]
[Round "7"]
[White "Nilssen, John Arni"]
[Black "Tjornsted, Peter"]
[Result "1-0"]
[WhiteElo "2354"]
[BlackElo "1868"]
[PlyCount "89"]
[EventDate "2000.07.17"]
[EventType "swiss"]
[EventRounds "11"]
[EventCountry "DEN"]
[SourceDate "2004.01.01"]

1. d4 g6 2. e4 Bg7 3. c3 d6 4. Nf3 Bg4 5. Nbd2 Nd7 6. Qb3 Nb6 7. h3 Be6 8. c4
Qc8 9. Bd3 c5 10. d5 Bd7 11. Qd1 e6 12. dxe6 fxe6 13. e5 d5 14. O-O Ne7 15. Qe2
O-O 16. cxd5 exd5 17. e6 Bxe6 18. a4 Qd7 19. a5 Nbc8 20. Re1 Bf5 21. Bb5 Qd6
22. Nb3 a6 23. Ba4 Nc6 24. Bg5 c4 25. Bxc6 bxc6 26. Nbd4 Be4 27. Bh4 c5 28. Bg3
Qd7 29. Ne5 Bxe5 30. Bxe5 cxd4 31. Bxd4 Nd6 32. f3 Bxf3 33. Qe5 Be4 34. Rf1 Nf5
35. Qh8+ Kf7 36. Qxh7+ Ke8 37. Qxg6+ Kd8 38. g4 Kc8 39. Rae1 Ra7 40. gxf5 Bxf5
41. Rxf5 Qxf5 42. Qxf5+ Rxf5 43. Bxa7 Kb7 44. Bd4 Kc6 45. Re6+ 1-0

[Event "22. Copenhagen Open  (Politiken Cup)"]
[Site "Copenhagen"]
[Date "2000.07.23"]
[Round "7"]
[White "Nilsson, Lars Kjoller"]
[Black "Andreasen, Per Naesby"]
[Result "0-1"]
[WhiteElo "2061"]
[BlackElo "2293"]
[PlyCount "80"]
[EventDate "2000.07.17"]
[EventType "swiss"]
[EventRounds "11"]
[EventCountry "DEN"]
[SourceDate "2004.01.01"]

1. e4 g6 2. d4 Bg7 3. Nc3 c6 4. Be3 d6 5. Qd2 Nd7 6. O-O-O Qa5 7. Kb1 b5 8. h4
h5 9. Nh3 Ngf6 10. f3 Rb8 11. Ne2 Qxd2 12. Rxd2 O-O 13. Nf2 a6 14. Nf4 c5 15.
c3 b4 16. cxb4 cxd4 17. Rxd4 e5 18. Rxd6 exf4 19. Bxf4 Rxb4 20. Rd2 Rb6 21. Bc4
Re8 22. Rhd1 Nf8 23. e5 N6d7 24. Be3 Rb4 25. Rd4 Ne6 26. Bxe6 Rxd4 27. Bxf7+
Kxf7 28. Bxd4 Nxe5 29. Bc3 Nc4 30. Bxg7 Kxg7 31. Ne4 Bf5 32. b3 Ne3 33. Rd6
Nxg2 34. Kb2 Nxh4 35. Ng5 Ra8 36. Rd4 Ng2 37. Rd2 Nf4 38. Rd4 Kf6 39. Rxf4 Kxg5
40. Rd4 h4 0-1

[Event "22. Copenhagen Open  (Politiken Cup)"]
[Site "Copenhagen"]
[Date "2000.07.23"]
[Round "7"]
[White "Nilsson, Nils Specht"]
[Black "Schmidt, Horst"]
[Result "1-0"]
[WhiteElo "2188"]
[BlackElo "2025"]
[PlyCount "83"]
[EventDate "2000.07.17"]
[EventType "swiss"]
[EventRounds "11"]
[EventCountry "DEN"]
[SourceDate "2004.01.01"]

1. d4 d5 2. Nf3 Nf6 3. c4 e6 4. Nc3 Be7 5. Bf4 c6 6. e3 Nbd7 7. h3 O-O 8. Be2
Re8 9. O-O Nf8 10. c5 Ng6 11. Bh2 Nd7 12. b4 f6 13. e4 f5 14. e5 Ndf8 15. a4
Bd7 16. Nd2 Bg5 17. f4 Be7 18. Kh1 b6 19. Bg1 a5 20. b5 Qc7 21. Nb3 Rec8 22.
Qd2 Rd8 23. Rfc1 Be8 24. Rab1 h6 25. Be3 Qa7 26. bxc6 Bxc6 27. Bb5 Qc7 28. Bxc6
Qxc6 29. Nb5 bxc5 30. Nxc5 Nd7 31. Nxe6 Qxe6 32. Nc7 Qf7 33. e6 Qf6 34. Nxa8
Bb4 35. Rxb4 Qxe6 36. Nc7 Qe4 37. Rb7 Nh4 38. Bg1 Nf3 39. gxf3 Qxf3+ 40. Qg2
Qxf4 41. Ne6 Qxc1 42. Qxg7# 1-0

[Event "22. Copenhagen Open  (Politiken Cup)"]
[Site "Copenhagen"]
[Date "2000.07.23"]
[Round "7"]
[White "Olsen, Miriam Frida"]
[Black "Moller, Arne"]
[Result "0-1"]
[WhiteElo "1437"]
[BlackElo "2026"]
[PlyCount "100"]
[EventDate "2000.07.17"]
[EventType "swiss"]
[EventRounds "11"]
[EventCountry "DEN"]
[SourceDate "2004.01.01"]

1. e4 c5 2. c3 d5 3. exd5 Qxd5 4. d4 cxd4 5. cxd4 Nc6 6. Nf3 e6 7. Nc3 Bb4 8.
Be2 Nge7 9. O-O Qa5 10. Bd2 Nd5 11. Qc2 O-O 12. a3 Nxc3 13. bxc3 Be7 14. Bd3 g6
15. c4 Qd8 16. Bc3 Bf6 17. Rad1 Bg7 18. Be2 Qe7 19. Bb2 Re8 20. Rfe1 b6 21. d5
Bxb2 22. Qxb2 Na5 23. d6 Qd8 24. d7 Bxd7 25. Ne5 Re7 26. Qd4 Nb3 27. Qd6 Nc5
28. Nc6 Bxc6 29. Qxd8+ Rxd8 30. Rxd8+ Kg7 31. Red1 Ba4 32. R1d2 Rc7 33. f3 Nb7
34. R8d4 Na5 35. Bd1 Bc6 36. Re2 Nb7 37. Kf2 Nc5 38. Ke1 h5 39. Kd2 g5 40. Kc3
f5 41. h4 g4 42. fxg4 hxg4 43. Re1 Kf6 44. Re2 Ne4+ 45. Kb2 Rh7 46. Rexe4 Bxe4
47. g3 Ke5 48. Rd2 f4 49. Bxg4 fxg3 50. Bh3 Rxh4 0-1

[Event "22. Copenhagen Open  (Politiken Cup)"]
[Site "Copenhagen"]
[Date "2000.07.23"]
[Round "7"]
[White "Paaske, Asger"]
[Black "Baekgaard, Martin"]
[Result "1/2-1/2"]
[WhiteElo "2038"]
[BlackElo "2170"]
[PlyCount "87"]
[EventDate "2000.07.17"]
[EventType "swiss"]
[EventRounds "11"]
[EventCountry "DEN"]
[SourceDate "2004.01.01"]

1. e4 c5 2. c3 b6 3. d4 Bb7 4. f3 e6 5. Be3 d5 6. e5 f6 7. exf6 Nxf6 8. Bb5+
Nbd7 9. Ne2 Bd6 10. Bf4 Qc7 11. Bxd6 Qxd6 12. O-O O-O-O 13. a4 a6 14. Bxd7+
Rxd7 15. dxc5 Qxc5+ 16. Nd4 e5 17. b4 Qc7 18. Nb3 Kb8 19. a5 b5 20. Nc5 Re7 21.
Nd2 g5 22. Ndb3 Rg8 23. Nxb7 Qxb7 24. Nc5 Qc6 25. Qe2 h5 26. Rae1 h4 27. Qd3 h3
28. g3 g4 29. Qf5 Qd6 30. Nxa6+ Qxa6 31. Rxe5 Qa7+ 32. Kh1 Qc7 33. Re6 Rxe6 34.
Qxe6 Qd8 35. Qc6 Rg7 36. Qxb5+ Rb7 37. Qc6 gxf3 38. Rxf3 Ne4 39. Qh6 Qd7 40.
Qh8+ Ka7 41. Qd4+ Ka8 42. Rf8+ Rb8 43. Rf4 Qc6 44. Rf7 1/2-1/2

[Event "22. Copenhagen Open  (Politiken Cup)"]
[Site "Copenhagen"]
[Date "2000.07.23"]
[Round "7"]
[White "Palo, Davor"]
[Black "Hector, Jonny"]
[Result "0-1"]
[WhiteElo "2213"]
[BlackElo "2509"]
[PlyCount "54"]
[EventDate "2000.07.17"]
[EventType "swiss"]
[EventRounds "11"]
[EventCountry "DEN"]
[SourceDate "2004.01.01"]

1. d4 d5 2. Nf3 Nf6 3. c4 e6 4. Nc3 c6 5. cxd5 exd5 6. Bg5 Be7 7. e3 Bf5 8. Bd3
Bg6 9. O-O Nbd7 10. Re1 Ne4 11. Bf4 O-O 12. Qc2 Bb4 13. a3 Bxc3 14. bxc3 b5 15.
Ne5 Nxe5 16. Bxe5 c5 17. dxc5 Nxc5 18. Bxg6 hxg6 19. Red1 Re8 20. Bd4 Na4 21.
Re1 Re6 22. Re2 a6 23. Rae1 Rc8 24. e4 dxe4 25. Qb3 Rc4 26. Rxe4 Rxe4 27. Rxe4
{[#]} Nc5 0-1

[Event "22. Copenhagen Open  (Politiken Cup)"]
[Site "Copenhagen"]
[Date "2000.07.23"]
[Round "7"]
[White "Pedersen, Christian Kyndel"]
[Black "Nielsen, Borge Hjerrild"]
[Result "1-0"]
[WhiteElo "2127"]
[BlackElo "2153"]
[PlyCount "133"]
[EventDate "2000.07.17"]
[EventType "swiss"]
[EventRounds "11"]
[EventCountry "DEN"]
[SourceDate "2004.01.01"]

1. e4 c6 2. d4 d5 3. exd5 cxd5 4. c4 Nf6 5. Nc3 e6 6. Nf3 Be7 7. c5 O-O 8. Bd3
b6 9. b4 a5 10. Na4 Nbd7 11. a3 axb4 12. axb4 bxc5 13. bxc5 e5 14. Nxe5 Bxc5
15. O-O Bd6 16. Bf4 Nb6 17. Nc5 Rxa1 18. Qxa1 Bxe5 19. dxe5 Nfd7 20. Nb3 Qe7
21. Qd4 Bb7 22. Rb1 Ra8 23. Bb5 h6 24. Be3 Nc4 25. Bxd7 Na3 26. Bf5 Nxb1 27.
Bxb1 Ba6 28. h3 Bc4 29. Nc5 Qa7 30. e6 fxe6 31. Nxe6 Qa1 32. Kh2 Qxd4 33. Nxd4
Kf7 34. h4 h5 35. Nf3 Rb8 36. Ng5+ Ke7 37. Bc5+ Kd7 38. Bc2 Be2 39. Ba4+ Bb5
40. Bxb5+ Rxb5 41. Bd4 g6 42. Kg3 Rb4 43. Nf3 Ke6 44. Kf4 Kf7 45. Ke5 Rb8 46.
Ng5+ Kg7 47. Kxd5+ Kh6 48. Ke6 Rb5 49. Ne4 Rb4 50. Ke5 Rb5+ 51. Kf4 Rf5+ 52.
Ke3 Kh7 53. f3 Kg8 54. Ng5 Kf8 55. Ke4 Ke7 56. Be5 Kd7 57. Nh3 Rf8 58. Nf4 Rg8
59. g3 Ke7 60. Nh3 Rf8 61. Bd4 Ke6 62. Bg7 Rb8 63. Ng5+ Ke7 64. Kf4 Rg8 65. Bd4
Rf8+ 66. Ke3 Kd6 67. Bc5+ 1-0

[Event "22. Copenhagen Open  (Politiken Cup)"]
[Site "Copenhagen"]
[Date "2000.07.23"]
[Round "7"]
[White "Pedersen, Kaj Vinding"]
[Black "Jensen, Michael Bremerskov"]
[Result "1/2-1/2"]
[WhiteElo "1619"]
[BlackElo "1358"]
[PlyCount "75"]
[EventDate "2000.07.17"]
[EventType "swiss"]
[EventRounds "11"]
[EventCountry "DEN"]
[SourceDate "2004.01.01"]

1. d4 d5 2. Nf3 Nf6 3. Bf4 g6 4. e3 Bg7 5. Be2 Nc6 6. h3 O-O 7. O-O Bf5 8. a3
a6 9. c4 dxc4 10. Bxc4 e6 11. Bg5 Bxb1 12. Rxb1 h6 13. Bf4 Ne4 14. Qc2 Ng5 15.
Nxg5 hxg5 16. Bg3 Ne7 17. Bd3 c6 18. Qc5 Nf5 19. Bxf5 gxf5 20. f4 Qf6 21. Qb6
gxf4 22. Bxf4 Bh6 23. Qxb7 Bxf4 24. Rxf4 e5 25. dxe5 Qxe5 26. Qb6 c5 27. Kf2
Rfe8 28. Rf3 f4 29. Qh6 fxe3+ 30. Qxe3 Qh5 31. Qf4 Rad8 32. Qg4+ Qxg4 33. hxg4
Rd2+ 34. Kg3 Ree2 35. b3 Rxg2+ 36. Kh3 Rh2+ 37. Kg3 Rhg2+ 38. Kh3 1/2-1/2

[Event "22. Copenhagen Open  (Politiken Cup)"]
[Site "Copenhagen"]
[Date "2000.07.23"]
[Round "7"]
[White "Pedersen, Steen"]
[Black "Dongart, Dennis"]
[Result "0-1"]
[WhiteElo "1755"]
[BlackElo "2138"]
[PlyCount "56"]
[EventDate "2000.07.17"]
[EventType "swiss"]
[EventRounds "11"]
[EventCountry "DEN"]
[SourceDate "2004.01.01"]

1. e4 c6 2. d4 d5 3. Nc3 dxe4 4. Nxe4 Nf6 5. Nxf6+ gxf6 6. c3 Bf5 7. Ne2 Nd7 8.
Ng3 Bg6 9. h4 h5 10. Be2 Qa5 11. Bd2 O-O-O 12. c4 Qb6 13. Bc3 Nc5 14. Qd2 Bh6
15. Qd1 e5 16. b4 Ne4 17. Nxe4 Bxe4 18. c5 Qc7 19. Bxh5 exd4 20. Bd2 Bxd2+ 21.
Kxd2 Qf4+ 22. Ke1 Rde8 23. Kf1 Rhg8 24. Bf3 d3 25. Bxe4 Qxe4 26. Qf3 Qc4 27.
Rh3 d2+ 28. Qd3 Qc1+ 0-1

[Event "22. Copenhagen Open  (Politiken Cup)"]
[Site "Copenhagen"]
[Date "2000.07.23"]
[Round "7"]
[White "Preuss, Flemming"]
[Black "Aabling Thomsen, Jakob"]
[Result "1-0"]
[WhiteElo "2072"]
[BlackElo "1589"]
[PlyCount "83"]
[EventDate "2000.07.17"]
[EventType "swiss"]
[EventRounds "11"]
[EventCountry "DEN"]
[SourceDate "2004.01.01"]

1. e4 c5 2. Nf3 Nc6 3. d4 cxd4 4. Nxd4 g6 5. c4 Bg7 6. Be3 Nf6 7. Nc3 Ng4 8.
Qxg4 Nxd4 9. Qd1 e5 10. Qd2 O-O 11. Nb5 d6 12. Nxd4 exd4 13. Bxd4 Bxd4 14. Qxd4
Qa5+ 15. Qd2 Qe5 16. Be2 Qxe4 17. O-O Re8 18. Rfe1 Bd7 19. c5 Rac8 20. Bf3 Qf5
21. Rxe8+ Bxe8 22. cxd6 Rc2 23. Qd4 Qc5 24. d7 Bxd7 25. Qxd7 Qxf2+ 26. Kh1 Rxb2
27. Rd1 Kg7 28. a4 Rb4 29. h3 Rf4 30. Bxb7 h5 31. a5 g5 32. Qd2 Qg3 33. Qe1 Rf2
34. Kg1 Qb3 35. Kxf2 Qxb7 36. Qc3+ f6 37. Rd6 Qe7 38. Qd4 Kg6 39. g4 h4 40. Rd7
Qf8 41. Qe4+ f5 42. Qe6+ 1-0

[Event "22. Copenhagen Open  (Politiken Cup)"]
[Site "Copenhagen"]
[Date "2000.07.23"]
[Round "7"]
[White "Rasmussen, Casper Dahl"]
[Black "Mittelmann, Gur"]
[Result "1/2-1/2"]
[WhiteElo "2281"]
[BlackElo "2419"]
[PlyCount "33"]
[EventDate "2000.07.17"]
[EventType "swiss"]
[EventRounds "11"]
[EventCountry "DEN"]
[SourceDate "2004.01.01"]

1. e4 c6 2. d4 d5 3. exd5 cxd5 4. c4 Nf6 5. Nc3 Nc6 6. Nf3 Bg4 7. cxd5 Nxd5 8.
Qb3 Bxf3 9. gxf3 e6 10. Qxb7 Nxd4 11. Bb5+ Nxb5 12. Qc6+ Ke7 13. Qxb5 Qd7 14.
Nxd5+ Qxd5 15. Qxd5 exd5 16. O-O Ke6 17. Re1+ 1/2-1/2

[Event "22. Copenhagen Open  (Politiken Cup)"]
[Site "Copenhagen"]
[Date "2000.07.23"]
[Round "7"]
[White "Rasmussen, Uffe"]
[Black "Lilja, Richard"]
[Result "1/2-1/2"]
[WhiteElo "1884"]
[BlackElo "2080"]
[PlyCount "197"]
[EventDate "2000.07.17"]
[EventType "swiss"]
[EventRounds "11"]
[EventCountry "DEN"]
[SourceDate "2004.01.01"]

1. e4 e5 2. Bc4 Nf6 3. Nf3 Nc6 4. Ng5 Bc5 5. Bxf7+ Ke7 6. Bd5 d6 7. c3 Rf8 8.
O-O Bg4 9. Qb3 h6 10. d4 Bb6 11. h3 Bd7 12. Bxc6 bxc6 13. Nf3 Nh5 14. Qd1 Qe8
15. Nh4 Nf4 16. Kh2 g5 17. Bxf4 gxh4 18. Bxh6 Rg8 19. f4 exf4 20. Bxf4 Qg6 21.
Qe2 Raf8 22. Kh1 Bxh3 23. gxh3 Rxf4 24. Nd2 Rxf1+ 25. Rxf1 Qg3 26. Qf3 Qxf3+
27. Nxf3 c5 28. Nxh4 cxd4 29. cxd4 c6 30. Nf5+ Ke6 31. h4 Rh8 32. Rg1 d5 33.
Rg6+ Kf7 34. Rxc6 dxe4 35. Nd6+ Ke7 36. Nc8+ Kd7 37. Rxb6 axb6 38. Nxb6+ Kc6
39. Nc4 Rxh4+ 40. Kg2 e3 41. Nxe3 Rxd4 42. Kf3 Rd2 43. Nc4 Rc2 44. b3 Kc5 45.
Ke3 Rxa2 46. Kd3 Kb4 47. Nd2 Rb2 48. Ke3 Kc3 49. Ne4+ Kxb3 50. Kd4 Kb4 51. Kd5
Rb1 52. Kd4 Rd1+ 53. Ke5 Kc4 54. Nd6+ Kd3 55. Kd5 Ra1 56. Nc4 Rc1 57. Ne5+ Kc3
58. Nf3 Rd1+ 59. Ke5 Rd3 60. Ke4 Rd8 61. Ke5 Kd3 62. Ne1+ Kc4 63. Nc2 Re8+ 64.
Kf4 Rf8+ 65. Ke4 Kc3 66. Ne3 Re8+ 67. Kf4 Kd3 68. Nd5 Kd4 69. Nf6 Re1 70. Kf5
Re5+ 71. Kf4 Ra5 72. Ne4 Ra1 73. Ng3 Kd5 74. Ke3 Ke5 75. Ne2 Ra3+ 76. Kd2 Rf3
77. Nc3 Rh3 78. Ne2 Ke4 79. Nc3+ Kd4 80. Ne2+ Kc4 81. Nc1 Rg3 82. Ne2 Rd3+ 83.
Ke1 Re3 84. Kf2 Kd3 85. Nf4+ Ke4 86. Ng2 Ra3 87. Nh4 Rh3 88. Ng2 Rf3+ 89. Ke2
Ra3 90. Kf2 Rb3 91. Nh4 Rb6 92. Ng2 Rf6+ 93. Kg3 Rf8 94. Nh4 Ke3 95. Ng2+ Kd3
96. Nf4+ Ke3 97. Ng2+ Ke2 98. Nf4+ Rxf4 99. Kxf4 1/2-1/2

[Event "22. Copenhagen Open  (Politiken Cup)"]
[Site "Copenhagen"]
[Date "2000.07.23"]
[Round "7"]
[White "Resika, Nathan A"]
[Black "Nicolaisen, Jeppe"]
[Result "1-0"]
[WhiteElo "2267"]
[BlackElo "2040"]
[PlyCount "55"]
[EventDate "2000.07.17"]
[EventType "swiss"]
[EventRounds "11"]
[EventCountry "DEN"]
[SourceDate "2004.01.01"]

1. e4 d5 2. exd5 Nf6 3. d4 Bg4 4. Bb5+ Nbd7 5. f3 Bf5 6. c4 a6 7. Ba4 b5 8.
cxb5 Nb6 9. bxa6+ Nxa4 10. Qxa4+ Bd7 11. Qc4 Bc8 12. Qc6+ Bd7 13. Qc4 Bc8 14.
Nc3 Rxa6 15. Bf4 e6 16. dxe6 Rxe6+ 17. Nge2 Ba6 18. Qa4+ Nd7 19. d5 Rb6 20.
O-O-O Qb8 21. Qe4+ Be7 22. d6 cxd6 23. Nd5 Rc6+ 24. Nec3 Ne5 25. Bxe5 dxe5 26.
Nxe7 Rxc3+ 27. bxc3 Kxe7 28. Qb4+ 1-0

[Event "22. Copenhagen Open  (Politiken Cup)"]
[Site "Copenhagen"]
[Date "2000.07.23"]
[Round "7"]
[White "Romsdal, Trond"]
[Black "Andersen, Preben"]
[Result "1-0"]
[WhiteElo "2222"]
[BlackElo "2030"]
[PlyCount "57"]
[EventDate "2000.07.17"]
[EventType "swiss"]
[EventRounds "11"]
[EventCountry "DEN"]
[SourceDate "2004.01.01"]

1. d4 Nf6 2. c4 c5 3. e3 g6 4. Nc3 Bg7 5. Nf3 O-O 6. Be2 cxd4 7. exd4 d5 8. O-O
Nc6 9. h3 dxc4 10. Bxc4 Na5 11. Be2 Nd5 12. Re1 b6 13. Bd2 Bb7 14. Ne5 Rc8 15.
Bf3 Nc4 16. Nxd5 Bxd5 17. Bc3 b5 18. a4 a6 19. axb5 axb5 20. Ra6 Ra8 21. Nc6
Bxc6 22. Rxc6 Nd6 23. Qe2 Nf5 24. d5 Rb8 25. Bxg7 Kxg7 26. g4 Nh4 27. Qe5+ Kg8
28. Bh1 Qa5 29. Rc7 1-0